| 000 | 01881nas a2200277Ia 4500 | ||
|---|---|---|---|
| 001 | R240-R2721 | ||
| 003 | IT-CnALBA | ||
| 008 | 170116c99999999xx |||||||||||| ||und|| | ||
| 040 |
_aIT-CnALBA _cIT-CnALBA |
||
| 041 | _aITALIANO | ||
| 100 | _aLOEW JACQUES, SACERDOTE. | ||
| 210 | _aMONASTICA | ||
| 222 | _aMONASTICA | ||
| 245 | 0 | _aMONASTICA. N. I-IV. ANNO VII, VIII. IX. 1966-1967-1968. BOLLETTINO MONASTERO S. SCOLASTICA CIVIT. S. PAOLO, ROMA. | |
| 250 | _a1a ed. | ||
| 260 |
_a ROMA _bNUOVA GRAFICA ROMANA TIPOGR. _c1966 |
||
| 300 | _a44 p. | ||
| 310 | _aTRIMESTRALE | ||
| 362 | _aFascicolo: 1-4 / Anno: 7 (1966) | ||
| 500 | _aBONTÀ DI DIO NELLA CREAZIONE. BONTÀ DELL'ARTE. BONTÀ DELL'UOMO DELLA SUA GRANDEZZA E MISERIA. DEVAUX DOM E. SEQUELA. FEDE NELL'AMORE. VIII SACRAMENTO. GLI INUTILI. SEPARAZIONE PER L'UNIONE. I CIPRESSI. CONTEMPLAZIONE DEL MONDO. MARITAIN R. BALDUCCI E. DESEILLE DOM PL. SCHIMA ARCHIMANDRITA. BRICIOLE DI SAPIENZA. CONTEMPLAZIONE. LA CONDIZIONE DI CREATURA. IL RESTO DI ISRAELE. UMILTÀ LODE DI DIO. COMUNITÀ MONASTICA. I MAGI NATALE. PARTECIPAZIONE ATTIVA DELLA LITURGIA. RISURREZIONE SACRAMENTO DEL QUOTIDIANO. | ||
| 501 | _aSocietà San Paolo EM - Piazza San Paolo, 14 - 12051 ALBA (CN) (non commercial uses only) ® Copyright 2017 | ||
| 520 | _aBONTÀ DI DIO NELLA CREAZIONE. BONTÀ DELL'ARTE. BONTÀ DELL'UOMO DELLA SUA GRANDEZZA E MISERIA. DEVAUX DOM E. SEQUELA. FEDE NELL'AMORE. VIII SACRAMENTO. GLI INUTILI. SEPARAZIONE PER L'UNIONE. I CIPRESSI. CONTEMPLAZIONE DEL MONDO. MARITAIN R. BALDUCCI E. DESEILLE DOM PL. SCHIMA ARCHIMANDRITA. BRICIOLE DI SAPIENZA. CONTEMPLAZIONE. LA CONDIZIONE DI CREATURA. IL RESTO DI ISRAELE. UMILTÀ LODE DI DIO. COMUNITÀ MONASTICA. I MAGI NATALE. PARTECIPAZIONE ATTIVA DELLA LITURGIA. RISURREZIONE SACRAMENTO DEL QUOTIDIANO. | ||
| 650 | _aTEOLOGIA SPIRITUALE | ||
| 942 | _cCR | ||
| 957 | _71 | ||
| 999 |
_a12765 _bNO _g1 _c320820 _d320820 |
||